000 00336pam a2200157a 44500
008 230515b1920 xxu||||| |||| 00| 0 eng d
020 _aNULL
041 _aSANSKRIT
082 _a1
100 _aSHARMA
245 _aSARANGDARSAMHITA
250 _a1
260 _aSANGAI
_bN.D.
_c1920
300 _a100
650 _aSARANGDARSAMHITA
999 _c497019
_d497019